Antología de aire / (Record no. 149378)

MARC details
000 -CABECERA
campo de control de longitud fija 00631nam a2200217 u 4500
005 - FECHA Y HORA DE LA ÚLTIMA TRANSACCIÓN
campo de control 20220902233034.0
008 - ELEMENTOS DE LONGITUD FIJA--INFORMACIÓN GENERAL
campo de control de longitud fija 100810m19962008ch r 000 0 spa d
020 ## - NÚMERO INTERNACIONAL NORMALIZADO PARA LIBROS
Número Internacional Estándar del Libro 9567083052
035 ## - NÚMERO DE CONTROL DEL SISTEMA
Número de control de sistema UPN01000177275
049 ## - COLECCIÓN
Colección CG
050 #4 - SIGNATURA TOPOGRÁFICA DE LA BIBLIOTECA DEL CONGRESO
Número de clasificación PQ8098.28 O3
Número de documento/Ítem A5.7 1996
100 1# - ASIENTO PRINCIPAL--NOMBRE PERSONAL
Nombre de persona Rojas, Gonzalo
245 10 - MENCIÓN DE TÍTULO
Título Antología de aire /
Mención de responsabilidad, etc. Gonzalo Rojas ; selec. de textos Hilda R. May ; pról. Eduardo Milán.
250 ## - MENCIÓN DE EDICIÓN
Mención de edición 2a ed.
260 ## - PUBLICACIÓN, DISTRIBUCIÓN, ETC.
Lugar de publicación, distribución, etc. Santiago de Chile :
Nombre del editor, distribuidor, etc. FCE,
Fecha de publicación, distribución, etc. 1996 (2008 impr.).
300 ## - DESCRIPCIÓN FÍSICA
Extensión 291 p.
440 #0 - MENCIÓN DE SERIE/ASIENTO SECUNDARIO--TÍTULO
Título Tierra firme
650 #0 - ASIENTO SECUNDARIO DE MATERIA - TERMINO TEMATICO
Término de materia o nombre geográfico como elemento de entrada Poesía chilena
9 (RLIN) 1228
700 1# - ASIENTO SECUNDARIO--NOMBRE DE PERSONAL
Nombre de persona May, Hilda R.,
Término indicativo de función/relación comp.
905 ## - TIPO DE MATERIAL
Tipo de material Libro
Holdings
Estado de retiro Estado de pérdida Fuente del sistema de clasificación o colocación Estado dañado No para préstamo Código de colección Localización permanente Ubicación/localización actual Ubicación en estantería Total de préstamos Clasificación Código de barras Fecha visto por última vez Número de copia Tipo de ítem Koha
    Library of Congress Classification     Colección General Bib. Gregorio Torres Quintero Bib. Gregorio Torres Quintero Planta baja 1 PQ8098.28 O3 A5.7 1996 273054 31/12/2020 1 Libro